000 00342 a2200157 4500
001 76090
020 _a9788535932003
040 _cAnchieta - Colégio São Paulo
100 _ayousafzai, ziauddin
240 1 0 _aLivre para voar
_lpor
245 1 0 _aLivre para voar
300 _a162
362 0 _a2019
650 4 _aEducação
942 _cBK
999 _c76090
_d76090